000 00589nam a2200229Ia 4500
003 OSt
005 20221007072133.0
006 a|||||r|||| 00| 0
007 ta
008 221006b |||||||| |||| 00| 0 eng d
024 _a15,434
037 _cTextual
040 _aFLL
_cFLL
_beng
041 _2eng
_aeng
082 _aX425:4:Z3, L0
100 _aChorley Lord Au.
245 0 _aShipping law
260 _aLondon
_bPitman Publishing London
_c1970
300 _a405p
_ccm.
942 _hX425:4:Z3, L0
_cTEXL
_2CC
999 _c1145290
_d1145290